[Event "Veneto-ch qf 81st"]
[Site "Verona"]
[Date "2022.05.08"]
[Round "4.8"]
[White "Serea, Gabriele"]
[Black "Vujicic, Luigi"]
[Result "1-0"]
[WhiteElo "1722"]
[BlackElo "1952"]
[PlyCount "127"]
[EventDate "2022.05.06"]
[EventType "swiss"]
[EventRounds "5"]
[EventCountry "ITA"]
[SourceTitle "EXT 2024"]
[Source "ChessBase"]
[SourceDate "2023.10.10"]
[SourceVersion "1"]
[SourceVersionDate "2023.10.10"]
[SourceQuality "1"]

1. e4 c6 2. Nf3 d5 3. exd5 cxd5 4. Ne5 Nc6 5. Bb5 Bd7 6. Nxd7 Qxd7 7. d4 a6 8. Be2 e6 9. c3 Bd6 10. Nd2 Nf6 11. Nf3 0-0 12. 0-0 Rfc8 13. Bd3 b5 14. Qe2 Qc7 15. a4 Na7 16. Bg5 Nd7 17. axb5 axb5 18. Bxb5 Nxb5 19. Qxb5 Rab8 20. Qe2 Nb6 21. Ra2 Nc4 22. Rfa1 Rb7 23. g3 h6 24. Bc1 Rcb8 25. Qc2 Nb6 26. b3 Rc8 27. Bb2 Qe7 28. Ra6 Nd7 29. c4 dxc4 30. bxc4 Nf6 31. Qe2 Rcb8 32. Bc1 Rb4 33. Kg2 R4b7 34. Ne5 Rc8 35. c5 Bxe5 36. Qxe5 Nd5 37. Qd6 Kh7 38. Qxe7 Rxe7 39. Ra7 Rcc7 40. Rxc7 Rxc7 41. Kf3 Kg6 42. Bf4 Nxf4 43. Kxf4 Kf6 44. Ke4 Ke7 45. Rc1 Kd7 46. d5 exd5+ 47. Kxd5 Ra7 48. Rb1 Kc7 49. Re1 Kd8 50. Kd6 Rd7+ 51. Kc6 Rd2 52. Rb1 Kc8 53. Ra1 Kb8 54. Re1 Rxf2 55. Re8+ Ka7 56. Kc7 Rxh2 57. Re3 Ka6 58. Rb3 Rd2 59. c6 Rd4 60. Kc8 Ka7 61. c7 Rd5 62. Ra3+ Kb6 63. Kb8 Re5 64. c8Q 1-0

[Event "Mestre Sheraton op-B 1st"]
[Site "Mestre"]
[Date "2021.02.28"]
[Round "5"]
[White "Vujicic, Luigi"]
[Black "Mar, Tomas"]
[Result "0-1"]
[WhiteElo "1853"]
[BlackElo "1700"]
[PlyCount "94"]
[EventDate "2021.02.26"]
[EventType "swiss"]
[EventRounds "5"]
[EventCountry "ITA"]
[SourceTitle "EXT 2023"]
[Source "ChessBase"]
[SourceDate "2022.10.05"]
[SourceVersion "1"]
[SourceVersionDate "2022.10.05"]
[SourceQuality "1"]

1. e4 c5 2. Nc3 e6 3. g3 Nc6 4. Bg2 a6 5. d3 b5 6. Be3 Bb7 7. Nf3 d5 8. exd5 exd5 9. d4 c4 10. 0-0 Nf6 11. Re1 Be7 12. h3 0-0 13. Ne5 b4 14. Ne2 Bd6 15. f4 Re8 16. g4 Ne4 17. Bxe4 dxe4 18. Nxc4 Bc7 19. Ng3 Qh4 20. Kh2 Rad8 21. c3 bxc3 22. bxc3 Re6 23. Qe2 Rh6 24. Qg2 Bc8 25. Nxe4 Bxg4 26. Nf2 Be6 27. Ne5 Nxe5 28. fxe5 Rg6 29. Ng4 Rxg4 30. Qf2 Qh5 31. Qf3 Rh4 32. Qxh5 Rxh5 33. Rab1 Rxh3+ 34. Kg2 Rb8 35. Rxb8+ Bxb8 36. Rb1 Bc7 37. Kf2 Bd5 38. c4 Be4 39. Rb4 h5 40. d5 Bxe5 41. Ra4 Rh2+ 42. Kf1 Rb2 43. Bc5 h4 44. d6 Bd3+ 45. Kg1 h3 46. d7 h2+ 47. Kh1 Be4# 0-1

[Event "Mestre Sheraton op-B 1st"]
[Site "Mestre"]
[Date "2021.02.26"]
[Round "1"]
[White "Vujicic, Luigi"]
[Black "Serea, Gabriele"]
[Result "1/2-1/2"]
[WhiteElo "1853"]
[BlackElo "1586"]
[PlyCount "95"]
[EventDate "2021.02.26"]
[EventType "swiss"]
[EventRounds "5"]
[EventCountry "ITA"]
[SourceTitle "EXT 2023"]
[Source "ChessBase"]
[SourceDate "2022.10.05"]
[SourceVersion "1"]
[SourceVersionDate "2022.10.05"]
[SourceQuality "1"]

1. e4 e5 2. Nf3 Nc6 3. Bb5 a6 4. Ba4 Nf6 5. 0-0 Be7 6. Re1 b5 7. Bb3 0-0 8. c3 d5 9. exd5 Nxd5 10. Nxe5 Nxe5 11. Rxe5 c6 12. Qf3 Bd6 13. Re1 Re8 14. Rxe8+ Qxe8 15. Kf1 Qe5 16. Bxd5 cxd5 17. Qe3 Bf5 18. Qxe5 Bxe5 19. d4 Bxh2 20. g3 Bh3+ 21. Ke2 Re8+ 22. Be3 Bg2 23. Nd2 f5 24. Kd3 h6 25. Nb3 g5 26. Nc5 f4 27. gxf4 gxf4 28. Bxf4 Bxf4 29. Rg1 Kh7 30. Rxg2 Re7 31. Nxa6 h5 32. Nb4 Rd7 33. Nxd5 Rxd5 34. Ke4 Rg5 35. Rxg5 Bxg5 36. Kf5 Bc1 37. b3 Bb2 38. c4 bxc4 39. bxc4 Bxd4 40. Kg5 Bxf2 41. Kxh5 Bb6 42. Kg5 Kg7 43. Kf5 Kf7 44. Ke5 Ke7 45. Kd5 Kd7 46. a4 Kc7 47. c5 Ba5 48. c6 1/2-1/2